LEADER 05554nam 22007574a 450 001 9910784353203321 005 20230617005203.0 010 $a1-280-26594-9 010 $a9786610265947 010 $a0-7645-7743-3 035 $a(CKB)1000000000349092 035 $a(EBL)219086 035 $a(OCoLC)304076652 035 $a(SSID)ssj0000115126 035 $a(PQKBManifestationID)11117182 035 $a(PQKBTitleCode)TC0000115126 035 $a(PQKBWorkID)10007422 035 $a(PQKB)10929102 035 $a(MiAaPQ)EBC3056671 035 $a(MiAaPQ)EBC219086 035 $a(Au-PeEL)EBL3056671 035 $a(CaPaEBR)ebr10114265 035 $a(CaONFJC)MIL26594 035 $a(OCoLC)181840513 035 $a(Au-PeEL)EBL219086 035 $a(EXLCZ)991000000000349092 100 $a20040517d2004 uy 0 101 0 $aeng 135 $aur|n|---||||| 181 $ctxt 182 $cc 183 $acr 200 10$aBroadband bible$b[electronic resource] /$fJames E. Gaskin 205 $aDesktop ed. 210 $aIndianapolis, IN $cWiley Pub.$dc2004 215 $a1 online resource (614 p.) 225 1 $aBible ;$vv.165 300 $aIncludes index. 311 $a0-7645-6951-1 327 $aPreface; Acknowledgments; PART I:Determining Which Broadband Is Right for You; Chapter 1:Why You Need Broadband Internet Access; Computing Without Interruption; Support files download in a flash; Applications arrive in a blink; Immersive Experiences; Streaming audio; Streaming video; Communicating Over Broadband; Voice over broadband; Webcams; Videophones and video IM; Broadband Gaming; Game play requirements; Wrapping yourself in the game world; The most popular games; Summary; Chapter 2:Getting Familiar with Broadband Technology; What Is Broadband?; What the Feds Call Broadband 327 $aSymmetrical versus Asymmetrical ConnectionsWhy service providers offer both options; Downstream details; Upstream details; Asymmetrical advantages; Symmetrical advantages; Speed comparisons; Summary; Chapter 3:Types of Broadband Providers; Broadband from Phone Companies: Flavors of DSL; The development of DSL technology; How DSL works for you; Service provider details; Broadband from the Cable Company; How broadband over cable works for you; Service provider details; Summary; Chapter 4:Types of Alternative Broadband Providers; Satellite Broadband; How satellite works; Latency 327 $aService providersCommunity Wireless; How wireless works; Service providers; Wi-Fi hotspots: public 802.11b; Summary; Chapter 5:Emerging Broadband Service Options; Fiber to the Home and Office; How fiber works; Coverage areas; Trials in progress; Speed; Reliability; Security; WiMax; How WiMax works; Coverage area; Trials in progress; Speed; Reliability; Powerline Broadband; How Powerline broadband works; Trials in progress; Speed; Reliability; Security; Summary; Chapter 6:Pros and Cons: Choosing Your Best Broadband Option; Decision Points for Your Comparisons; How to compare service features 327 $aPros and Cons for CableCurrent coverage areas; Decision checklist; Pros and Cons for DSL; Current coverage areas; How to compare service features; Decision checklist; Pros and Cons for Satellite Broadband; Current coverage areas; How to compare service features; Downlink and uplink details; Decision checklist; Pros and Cons for Community Wireless Broadband; Current coverage areas; Security concerns; Decision checklist; Service Provider Restrictions; Acceptable use policies; Rules on connection sharing; Bandwidth hogs; Summary; PART II:Practicing Safe Broadband 327 $aChapter 7:Understanding Computer SecurityHow Miscreants Get into Your Computer; E-Mail; Downloaded files; Web sites; Physical Security Details; Traveling laptops; Disks from outside; Wired network security; Wireless network security; Keeping Things Out (Viruses, Worms, Trojans, Hackers); Update your operating system; Update your virus protection; Update your personal firewall; Keeping Things In (Your Information); Router firewall settings; Desktop firewall settings; Note to online game players; Summary; Chapter 8:Examining Your Home Broadband Hookup; Cable and DSL "Modems"; Modem/not modem 327 $aDemarcation point 330 $aThis book outlines everything people need to make the move from a dial-up connection to an always-on DSL or cable Internet connection that is up to forty times faster than a standard modem connectionNielsen estimated there were thirty-nine million U.S. homes with broadband access in April 2003Gaskin explains available broadband options, shows how to pick the right one, describes wireless alternatives inside and outside of buildings, details how to connect more than one computer to a home broadband connection, and provides information about securing your wireless networkThis 410 0$aBible 606 $aBroadband communication systems 606 $aInternet service providers 606 $aDigital subscriber lines 606 $aModems 606 $aArtificial satellites in telecommunication 615 0$aBroadband communication systems. 615 0$aInternet service providers. 615 0$aDigital subscriber lines. 615 0$aModems. 615 0$aArtificial satellites in telecommunication. 676 $a621.382 700 $aGaskin$b James E$01511546 801 0$bMiAaPQ 801 1$bMiAaPQ 801 2$bMiAaPQ 906 $aBOOK 912 $a9910784353203321 996 $aBroadband bible$93744893 997 $aUNINA LEADER 05223nam 2200601 450 001 9910132309503321 005 20230803040132.0 010 $a1-119-22156-0 010 $a1-119-02616-4 035 $a(CKB)3710000000315766 035 $a(EBL)1889223 035 $a(SSID)ssj0001383082 035 $a(PQKBManifestationID)12525856 035 $a(PQKBTitleCode)TC0001383082 035 $a(PQKBWorkID)11475054 035 $a(PQKB)10014199 035 $a(Au-PeEL)EBL1889223 035 $a(CaPaEBR)ebr10996819 035 $a(OCoLC)897449003 035 $a(MiAaPQ)EBC1889223 035 $a(EXLCZ)993710000000315766 100 $a20150107h20132013 uy 0 101 0 $aeng 135 $aurcnu|||||||| 181 $ctxt 182 $cc 183 $acr 200 10$aMastering the art of solution-focused counseling /$fJeffrey T. Guterman 205 $aSecond edition. 210 1$aAlexandria, Virginia :$cAmerican Counseling Association,$d2013. 210 4$dİ2013 215 $a1 online resource (336 p.) 300 $aDescription based upon print version of record. 311 $a1-55620-332-2 320 $aIncludes bibliographical references and index. 327 $aMastering The Art of Solution-Focused Counseling; Table of Contents; Foreword to the First Edition; Foreword to the Second Edition; Preface; Acknowledgments; About the Author; Part One: Beginnings; Chapter 1: Searching for Solutions; Principles of Solution-Focused Counseling; Solution Focus; Collaborative Approach; Small Changes Can Lead to Big Results; Emphasis on Process; Strategic Approach to Eclecticism; Brief by Design, but Not Always; Responsiveness to Multiculturalism and Diversity; Organization of This Book; Part Two: Theory; Chapter 2: Postmodern Perspective; Postmodernism 327 $aConstructivism Social Constructionism; Deconstructionism; Clinical Implications; Reality as a Social Construction; Counselors as Participant-Observers; Language-Determined Systems; Collaborative Approach; Summary; Chapter 3: Problems and Change; The MRI Problem-Focused Theory; Solution-Focused Theory; Theory of Problem Formation; Theory of Change; Summary; Chapter 4: Strategic Approach to Eclecticism; Strategic Eclecticism; The Process/Content Distinction Revisited; Using Formal Content as Informal Content; Case Examples; Back to Reality Therapy; Codependent Some More; Summary 327 $aPart Three: Practice Chapter 5: Before the First Session; An Accidental Discovery; Identifying Pretreatment Change Before the First Session; Delivering Interventions Before the First Session; Case Example: A Man in Search of His Old Self; Summary; Chapter 6: The First Session; Coconstructing Problems and Goals; Coconstructing Problems; Coconstructing Goals; A Generic or Eclectic Approach?; Identifying and Amplifying Exceptions; Identifying Exceptions; Identifying Small Exceptions; Identifying Potential Exceptions; Amplifying Questions; Coconstructing Tasks; Case 1; Case 2; Case 3; Case 4 327 $aCase 5 Summary; Chapter 7: After the First Session; Evaluating the Effectiveness of Tasks; Identifying and Amplifying Exceptions Derived From Tasks; When the Client Reports Limited Progress; When More Time Is Needed; When the Client Didn't Do the Task; Solution-Focused Techniques; Doing More of the Same; Doing Less of the Same; Scaling Techniques; Journaling; The Surprise Task; Back to the Books; The "What's Better?" Question; When Less Is Better; Doing Something Different; Reevaluating Problems and Goals; Using Rating Scales to Assess Treatment Outcome; Planning for Termination; Summary 327 $aPart Four: Applications Chapter 8: Depression; Solution-Focused Approach to Depression; Solution-Focused Conceptualization of Depression; Sudden Gains in Depression; Treatment Strategies for Depression; Coconstructing Problems and Goals; Identifying and Amplifying Exceptions; The Miracle Question; Coconstructing Tasks; Scaling Techniques; Other Techniques for Depression; Case Example: Double Trouble; Summary; Chapter 9: Anxiety; Solution-Focused Approach to Anxiety; Solution-Focused Conceptualization of Anxiety; From What-If to As-If; Treatment Strategies for Anxiety 327 $aPutting Exceptions to Work 330 $aThe most current trends in solution-focused counseling are explored in the latest edition of this updated and expanded text. Dr. Guterman provides a comprehensive and straightforward discussion of solution-focused theory and describes how the model can be used throughout the therapeutic process. Clinical techniques and detailed case studies illustrate counseling with clients experiencing a range of problems, including depression, substance abuse, grief, morbid jealousy, and trichotillomania. New chapters and sections in this edition address anxiety, eating disorders, migraine headache, psychos 606 $aSolution-focused therapy 615 0$aSolution-focused therapy. 676 $a616.89/147 700 $aGuterman$b Jeffrey T.$0848511 801 0$bMiAaPQ 801 1$bMiAaPQ 801 2$bMiAaPQ 906 $aBOOK 912 $a9910132309503321 996 $aMastering the art of solution-focused counseling$91895238 997 $aUNINA